Guess te country #1 - emojis - Statistics

General Stats
  • This quiz has been taken 44 times
  • The average score is 5 of 10
Answer Stats
Picture Answer % Correct
Spain
98%
Mexico
69%
China
67%
Belgium
64%
Germany
62%
Greece
50%
Denmark
33%
Kenya
24%
Tuvalu
5%
Honduras
2%
No matching quizzes found
Score Distribution
Percent of People with Each Score
Percentile by Number Answered
Your Score History
You have not taken this quiz